Statistics for Name Every Country The UK Has Not Invaded

Click here to take the quiz!

General Stats

  • This quiz has been taken 35 times
  • The average score is 9 of 22

Answer Stats

HintAnswer% Correct
UUzbekistan
66%
VVatican City
66%
MMali
56%
TTajikistan
56%
KKyrgyzstan
53%
MMonaco
47%
MMongolia
47%
AAndorra
44%
BBolivia
44%
LLiechtenstein
44%
CChad
41%
PParaguay
41%
CRepublic Of The Congo
41%
BBelarus
38%
BBurundi
34%
CCentral African Republic
34%
LLuxembourg
34%
GGuatemala
31%
IIvory Coast
31%
SSweden
28%
MMarshall Islands
22%
SSão Tomé and Prícipe
22%

Score Distribution

Percentile by Number Answered

Percent of People with Each Score

Your Score History

You have not taken this quiz